LEADER 01689nam a2200301 u 4500 001 000000012180 003 CaOOAMICUS 005 20140924172005.0 008 940516s1947 va u000 u ita u 035 $a10295285 040 $aPUL$bita 100 1 $aToniolo, Giuseppe,$d1845-1918.$0(OLS)http://pul/name/2458 245 10$aCapitalismo e socialismo /$cGiuseppe Toniolo. 260 $aCittą del Vaticano :$bComitato Opera omnia di G. Toniolo,$c1947$f(Tipografia poliglotta vaticana) 300 $axxiii, 527 p. ;$c23 cm. 490 1 $aOpera omnia di Giuseppe Toniolo.$aSerie I.$aScritti storici. ;$v1 500 $a"Gli studi apparvero quasi tutti sulla Rivista internazionale di scienze sociali e discipline ausiliare." 650 4$aCapitalismo.$0(OLS)http://pul/subject/7257 650 4$aSocialismo.$0(OLS)http://pul/subject/3492 800 1 $aToniolo, Giuseppe,$d1845-1918.$tOpera omnia.$nSerie I.$pScritti storici ;$v1.$0(OLS)http://pul/nameTitle/1824$0(OLS)http://pul/name/2458$0(OLS)http://pul/title/177077 830 0$aOpera omnia di Giuseppe Toniolo.$nSerie I.$pScritti storici ;$v1.$0(OLS)http://pul/title/139236 850 $aPUL 852 $aPUL$W1$xSL Religione 2$y84$mRH F5 20$j17218$nBK-PRI$b $qStampati altre collocazioni$B17218$CPULBib$Z2$F17218 $H $81 852 $aPUL$W1$xDP1 Cons. Gen., Altre Classi 1$y22$m731 I 1$j126859$ac. 2$qStampati$B125573$CPULBib$Z2$F125573 $H24040 $82 941 1 $a10 941 1 $a8 996 $6245$aCapitalismo e socialismo$9(OLS)http://pul/title/177080 996 $6260$aCittą del Vaticano :$bComitato Opera omnia di G. Toniolo$9(OLS)http://pul/publisher/59118 LEADER 00939naa a2200205 u 4500 001 000000104093 003 CaOOAMICUS 005 20070226130218.0 008 061220s1967 it u000 u ita u 035 $a11111473 040 $aMSA$bita 100 1 $aBolgiani, Franco.$0(OLS)http://pul/name/10653 245 13$aLa polemica di Clemente Alessandrino contro gli gnostici libertini nel III libro degli "Stromati" /$cFranco Bolgiani. 260 $aRoma :$bEd. dell'Ateneo,$c1967. 300 $av.1, p. 86-136 ;$c24 cm 500 $aIAR: CR.41 600 04$aClemens Alexandrinus,$dc. 150-c. 215$tStromata$9(Clemens Alexandrinus, c. 150-c. 215).$0(OLS)http://pul/subject/33141 773 0 $tStudi in onore di Alberto Pincherle$w()23701 996 $6245$aLa polemica di Clemente Alessandrino contro gli gnostici libertini nel III libro degli "Stromati"$9(OLS)http://pul/title/131000 996 $6260$aRoma :$bEd. dell'Ateneo$9(OLS)http://pul/publisher/49153